000 00431ntaaa2200181 4500
003 01
005 20251027202047.0
008 0714s1973 ag 01
040 _aAR-BaBN
_bspa
_cAR-BaBN
_eaacr
_dRIC
082 _a252.0000 B51
100 _aBinns, Walter Pope
_919224
245 _aBehold the man!
250 _a1 ed.
260 _aNashville :
_bBroadman Press,
_c1960
300 _a128 p
650 _asermones
_9362
942 _cBK
999 _c15447
_d15447